MDQL
is popping MORE tags! Check the
thread
!
Quizzes
Events
Quiz Creation
Community
Videos
Private Events
Remove Ads
Sign In
Join for FREE
Feedback
Dark Mode
Quiz Categories
Sports
Geography
Music
Movies
Television
Just For Fun
Miscellaneous
History
Literature
Language
Science
Gaming
Entertainment
Religion
Holiday
For Kids
Quiz Lab
Recent
Popular Today
Quiz Kudos Today
Editor Picks
Curator Picks
Quizzes by...
Day
Popularity
Type
Ratings
Length
Year
Community
Subscriptions
Recent Discussions
Orange Saloon
Badges
Playlists
Quests
Create
Leaderboards
Showdown
Live 5
Trivia Bingo
Activity
Puzzle Library
Sporcle Events
Private Events
Virtual Trivia
Globe League
Become a Host
Pub Owners
SporcleCon
Opinionation
Our Games
Videos
Blog
Mobile Apps
Partnerships
Remove Ads and Go Orange
Feedback
Music
Pop Music
The Beatles
Song
Album
Lyrics
Bands
Singers
Artist
Clip
Rock
Rap
Classical
Billboard
Country Music
Kpop
Taylor Swift
Music
Pop Music
The Beatles
Song
Album
Lyrics
Bands
Singers
Artist
Clip
Rock
Rap
Classical
Billboard
Country Music
Kpop
Taylor Swift
Random Quiz
Search Sporcle
×
Quiz Lab
Quiz Lab
Music
Song
Type in answers that appear in a list
Type in answers that appear in a list
Classic
Best Score? Go Orange.
Bob Dylan Characters Stats
Can you name the Dylan songs in which these characters appear?
By
sponti
6m
18 Questions
729 Plays
729 Plays
729 Plays
Comments
Comments
Give Quiz Kudos
Give Quiz Kudos
-
- Ratings
hide this ad
Random Order
Randomize order of answers
Randomize order of answers
Replay
Link that replays current quiz
Next Quiz
Link to next quiz in quiz playlist
You Got
0%
They Got
Avg Score
50%
Avg Friend Score
Upgrade to see
Score Distribution
Jump to the score distribution portion of the page
Score
0/18
Timer
06:00
0
Plays Today
Character(s)
Song
% Correct
joker, thief
All Along the Watchtower
84.1%
Patty Valentine, Bello, Rubin Carter
Hurricane
81.5%
mystery tramp, Napoleon in rags
Like a Rolling Stone
80.5%
Cinderella, Ophelia, Casanova
Desolation Row
77.7%
sword swallower, one-
eyed midget, Mr Jones
Ballad of a Thin Man
76.6%
Abraham, Georgia Sam, Louie the King,
Highway 61 Revisited
64.7%
William Zanzinger
Lonesome Death of Hattie Carroll
61%
Louise, jelly-
faced women, the peddler
Visions of Johanna
59.5%
lonesome organ grinder, Queen of Spades
I Want You
53.8%
Character(s)
Song
% Correct
ragman, Shakespeare, rainman,
Stuck Inside of Mobile with the Memphis Blues Again
53.8%
Captain Ahab, Columbus
Bob Dylan's 115th Dream
50%
Jack the Ripper, John the Baptist, Gypsy Davey
Tombstone Blues
46.4%
Johnny, Maggie
Subterranean Homesick Blues
40.2%
President Kennedy, great-
granddaughter of Mr Clean
I Shall Be Free
25%
savage soldier, Aladdin, gray flannel dwarf
Gates of Eden
24.6%
jacks and queens, cross-
eyed pirates, King Kong
Farewell Angelina
8.7%
Will O' Conley
Rambling, Gambling Willie
6.6%
Flora
Lily of the West
6%
Quiz Playlist
Details
Report
Send in Message
Add To Playlist
Classic:
Type in answers that appear in a list
Random Order:
Randomize order of answers
Last Updated: Feb 16, 2017
Quiz Scoreboard
CHALLENGE
Sign Up to Join the Scoreboard
Show All
Scores
Hide
Comments
May contain spoilers
Recently Published
Find the 'City' Movie
by crazypaving
Movies
60s
5x2 Blitz: Bands
by SL_Kpop136
Music
30s
Colored Red Africa Blitz
by spor1
Geography
30s
More to Explore
Quiz From the Vault
Featured Blog Post
14 Easter Pick-up Lines to Find Eggs With
hide this ad
You Might Also Like...
Tags
Album Quiz
Song Quiz
bob
Character
Dylan
Today's Top Quizzes in Music
Browse Music
hide this ad
Today's Top Quizzes in Song
Browse Song
Top Contributed Quizzes in Music
1
5X2 Blitz: Bands II
2
Taylor Swift All Songs (2024)
3
5X2 Blitz: The Beatles
4
5X2 Blitz: Billboard
5
Taylor Swift Logic Puzzle
6
Taylor Swift Logic Puzzle II
7
5X2 Blitz: Album
8
5X2 Blitz: Billboard II
9
Music Artist by Three 2010s hits
10
5X2 Blitz: Rock
Explore More
Trending Topics
Harry Potter
Kpop
Marvel
Crossword
Disney
Anime
NBA
Puzzle
Country
NFL
WWE
Song
Pokémon
Soccer
The Office
hide this ad
More By:
sponti
Quiz
Plays
Rating
Category
Featured
Created
German States Capitals
2,288
4.69
Geography
Sep 24, 2009
Skateboarding Bangers
792
4.50
Miscellaneous
Sep 25, 2009
Bob Dylan Characters
729
4.33
Music
Sep 29, 2009
Trojan War Characters
473
4.50
Literature
Oct 1, 2009
Ancient Greek Tragedies
387
4.43
Literature
Sep 23, 2009
Go to Creator's Profile
Score Distribution
Quiz Creator Spotlight
sponti
Follow
Send a Message
Quizzes Created
-
Created Quiz Play Count
-
More By This Creator
Popular Quizzes Today
1
Find the 'City' Movie
2
5x2 Blitz: Bands
3
Colored Red Africa Blitz
4
Find the US States - No Outlines Minefield
5
The Countries of the World
6
Find the US States
7
9x9 Crossword: Cartoon Network
8
US States
More Music Quizzes
1980s Album Title Beginnings
Editor's Pick
Trending Quizzes
Colored Red Africa Blitz II
Colored Red Europe Blitz I
Colored Red Africa Blitz III
Colored Red Europe Blitz II
Colored Red Europe Blitz III
Recently Updated
Champions League XIs: Real Madrid
pecheneg
Largest US Cities 1790-2010
pecheneg
Rides in Walt Disney World
pecheneg
Most Oscar Losses (Acting)
pecheneg
Beyoncé Albums
pecheneg
Leaping Animals
pecheneg
Reality TV Shows (A-Z)
bhenderson79
Rickey Henderson's Hall of Fame Teammates
pecheneg
Champions League XIs: Arsenal
pecheneg
Quick Pick: Celebrities in WWE's Hall of Fame
aduchscher
Trending Topics
Disney
NBA
Kpop
Crossword
Harry Potter
Marvel
Anime
Country
Song
The Office
WWE
Pokémon
NFL
Puzzle
Soccer
Your Account Isn't Verified!
In order to create a playlist on Sporcle, you need to verify the email address you used during registration. Go to your
Sporcle Settings
to finish the process.
Report this User
Report this user for behavior that violates our
Community Guidelines
.
Details:
Send Report
Go to the Sporcle.com Mobile Site →
Comments